Flags In The Style Of Seychelles - Statistics

General Stats
  • This quiz has been taken 549 times
  • The average score is 9 of 10
Answer Stats
Picture Answer % Correct
Japan
100%
Sweden
99%
Greece
90%
United Kingdom
90%
Jamaica
89%
Papua New Guinea
87%
Bosnia & Herzegovina
85%
Ghana
83%
Tanzania
81%
Guyana
79%
No matching quizzes found
Score Distribution
Percent of People with Each Score
Percentile by Number Answered
Your Score History
You have not taken this quiz